Instrumentos de intervencin̤ en el mercado del suelo el patrimonio municipal del suelo /

Detalles Bibliográficos
Autor principal: Da̕z Gaztelu, Benigno
Formato: Desconocido
Lenguaje:español
Publicado: Madrid : Montecorvo, 2006
Materias:
Acceso en línea:Acceso restringido

MARC

LEADER 00000ny a22000003n 4500
005 2011052303013.0
008 070423s2006 sp s 000 0 spa c
017 |a D.L. M.145-2006 
020 |a 8471114461 
035 |a 1745 
040 |a UMA.CEE  |d UMA.RE  |d vLex 
080 |a 332.365 
080 |a 35.073.544 
090 |c 144  |d 144 
100 1 |a Da̕z Gaztelu, Benigno 
245 1 0 |a Instrumentos de intervencin̤ en el mercado del suelo  |h [Recurso electrn̤ico]  |b el patrimonio municipal del suelo /  |c Benigno Da̕z Gaztelu 
256 |a Servicio en ln̕ea 
260 |a Madrid :  |b Montecorvo,  |c 2006 
300 |a 213 p. ;  |c 21 cm 
504 |a Bibliogr.: p. 207-213 
506 1 |a Contenido solo disponible en los productos indicados  |d vLex Global  |d vLex Global (Academic Edition, excluding Law Schools)  |d vLex Global (U.S. Academic Edition, Law Schools)  |d vLex Global (U.S. Academic Edition, excluding Law Schools)  |d vLex Global (Academic Edition, Law Schools) 
650 0 7 |2 Tesauro vLex  |a Solar 
650 0 7 |2 Tesauro vLex  |a Inmobiliario y registral 
650 0 7 |2 Tesauro vLex  |a Ayuntamientos 
650 0 7 |2 Tesauro vLex  |a Administrativo 
650 0 7 |2 Tesauro vLex  |a Patrimonio municipal del suelo 
650 0 7 |2 Tesauro vLex  |a Suelo 
740 0 |a vLex Libros (Servicios en ln̕ea) 
856 4 0 |z Acceso restringido  |u http://vlex.com/source/intervencion-mercado-suelo-1745 
942 |c BOOK 
999 0 |a Law   |b Spain